| 000 -LEADER |
| fixed length control field |
02385cam a2200445 i 4500 |
| 001 - CONTROL NUMBER |
| control field |
18891886 |
| 003 - CONTROL NUMBER IDENTIFIER |
| control field |
NUST |
| 005 - DATE AND TIME OF LATEST TRANSACTION |
| control field |
20170614095337.0 |
| 008 - FIXED-LENGTH DATA ELEMENTS--GENERAL INFORMATION |
| fixed length control field |
151211s2014 pk 000 0 eng |
| 010 ## - LIBRARY OF CONGRESS CONTROL NUMBER |
| LC control number |
2015327592 |
| 020 ## - INTERNATIONAL STANDARD BOOK NUMBER |
| International Standard Book Number |
9789696430018 |
| 025 ## - OVERSEAS ACQUISITION NUMBER |
| Overseas acquisition number |
P-E-2015327592; 14 |
| 037 ## - SOURCE OF ACQUISITION |
| Source of stock number/acquisition |
Library of Congress -- Islamabad Overseas Office |
| 040 ## - CATALOGING SOURCE |
| Original cataloging agency |
DLC |
| Language of cataloging |
eng |
| Description conventions |
rda |
| Transcribing agency |
DLC |
| 042 ## - AUTHENTICATION CODE |
| Authentication code |
lcode |
| -- |
pcc |
| 043 ## - GEOGRAPHIC AREA CODE |
| Geographic area code |
a-pk--- |
| 050 00 - LIBRARY OF CONGRESS CALL NUMBER |
| Classification number |
TD194.68.P18 |
| Item number |
F574 2014 |
| 082 ## - DEWEY DECIMAL CLASSIFICATION NUMBER |
| Classification number |
333.714 EIA |
| 100 1# - MAIN ENTRY--PERSONAL NAME |
| Personal name |
Fischer, Thomas B., |
| Dates associated with a name |
1965- |
| 9 (RLIN) |
2597 |
| 245 10 - TITLE STATEMENT |
| Title |
Environmental impact assessment course curriculum for Higher education institutions in Pakistan / |
| Statement of responsibility, etc. |
Thomas B Fischer, PhD FIEMA & Obaidullah Nadeem PhD FIPP. |
| 246 1# - VARYING FORM OF TITLE |
| Display text |
Title on page 2 of cover: |
| Title proper/short title |
Environmental Impact Assessment (EIA) course curriculum for Higher education institutions in Pakistan |
| 246 17 - VARYING FORM OF TITLE |
| Title proper/short title |
EIA course curriculum for Higher education institutions in Pakistan |
| 264 #1 - PRODUCTION, PUBLICATION, DISTRIBUTION, MANUFACTURE, AND COPYRIGHT NOTICE |
| Place of production, publication, distribution, manufacture |
Islamabad : |
| Name of producer, publisher, distributor, manufacturer |
IUCN Pakistan (National Impact Assessment Programme), |
| Date of production, publication, distribution, manufacture, or copyright notice |
2014. |
| 300 ## - PHYSICAL DESCRIPTION |
| Extent |
218 pages ; |
| Dimensions |
28 cm |
| 336 ## - CONTENT TYPE |
| Content type term |
text |
| Content type code |
txt |
| Source |
rdacontent |
| 337 ## - MEDIA TYPE |
| Media type term |
unmediated |
| Media type code |
n |
| Source |
rdamedia |
| 338 ## - CARRIER TYPE |
| Carrier type term |
volume |
| Carrier type code |
nc |
| Source |
rdacarrier |
| 500 ## - GENERAL NOTE |
| General note |
Cover title. |
| 500 ## - GENERAL NOTE |
| General note |
"Netherlands Commission for Environmental Impact Assessment" |
| 500 ## - GENERAL NOTE |
| General note |
"Environmental Impact Assessment (EIA) course curriculum for higher education institutions in Pakistan was prepared under the National Impact Assessment Programme (NIAP), a joint initiative of the Government of Pakistan and IUCN Pakistan, with the financial support of the Embassy of the Kingdom of the Netherlands (EKN)."--Page 2 of cover. |
| 501 ## - WITH NOTE |
| With note |
P.B |
| 504 ## - BIBLIOGRAPHY, ETC. NOTE |
| Bibliography, etc. note |
Includes bibliographical references (pages 203-218). |
| 650 #0 - SUBJECT ADDED ENTRY--TOPICAL TERM |
| Topical term or geographic name entry element |
Environmental impact analysis |
| General subdivision |
Study and teaching (Higher) |
| Geographic subdivision |
Pakistan. |
| 9 (RLIN) |
2598 |
| 650 #0 - SUBJECT ADDED ENTRY--TOPICAL TERM |
| Topical term or geographic name entry element |
Environmental education |
| General subdivision |
Study and teaching (Higher) |
| Geographic subdivision |
Pakistan. |
| 9 (RLIN) |
2599 |
| 700 1# - ADDED ENTRY--PERSONAL NAME |
| Personal name |
Nadeem, Obaidullah, |
| Relator term |
author. |
| 9 (RLIN) |
2600 |
| 710 2# - ADDED ENTRY--CORPORATE NAME |
| Corporate name or jurisdiction name as entry element |
IUCN--the World Conservation Union, Pakistan. |
| 9 (RLIN) |
2601 |
| 710 2# - ADDED ENTRY--CORPORATE NAME |
| Corporate name or jurisdiction name as entry element |
IUCN--the World Conservation Union, Pakistan. |
| Subordinate unit |
National Impact Assessment Programme. |
| 9 (RLIN) |
2602 |
| 710 1# - ADDED ENTRY--CORPORATE NAME |
| Corporate name or jurisdiction name as entry element |
Netherlands. |
| Subordinate unit |
Embassy (Pakistan), |
| Relator term |
sponsoring body. |
| 9 (RLIN) |
2603 |
| 710 2# - ADDED ENTRY--CORPORATE NAME |
| Corporate name or jurisdiction name as entry element |
Commissie voor de milieueffectrapportage (Netherlands) |
| 9 (RLIN) |
2604 |
| 906 ## - LOCAL DATA ELEMENT F, LDF (RLIN) |
| a |
7 |
| b |
cbc |
| c |
origode |
| d |
3 |
| e |
ncip |
| f |
20 |
| g |
y-gencatlg |
| 942 ## - ADDED ENTRY ELEMENTS (KOHA) |
| Source of classification or shelving scheme |
|
| Koha item type |
Book |
| Call number prefix |
IESE |